Tâm Thế Người Chiến Thắng

שמור ב:
מידע ביבליוגרפי
מחבר ראשי: Jeff gee & val gee
פורמט: ספר
שפה:Vietnamese
יצא לאור: TH.HCM 2008
תגים: הוספת תג
אין תגיות, היה/י הראשונ/ה לתייג את הרשומה!
Thư viện lưu trữ: Mạng thư viện Đại học Đà Nẵng
LEADER 00619nam a2200277 4500
001 000025914
003 146
005 20150204120000.0
008 150204s vm 000 vie
020 |c 48000,0000 
040 |a D1 
100 |a Jeff gee & val gee 
245 |a Tâm Thế Người Chiến Thắng 
260 |b TH.HCM  |c 2008 
300 |a 174tr. ; 
OWN |a LTT 
999 |a From the UDN01 
TYP |a Monograph 
TYP |a Printed language 
980 |a Mạng thư viện Đại học Đà Nẵng